000 00302nam a22001337a 4500
008 171027b xxu||||| |||| 00| 0 eng d
020 _a0133167615
041 _aeng
080 _27TH
_a336
100 _a55
101 _aMEN
245 _aFINANCIAL MANAGEMENT AND POLICY
_cHORNE,J.C
942 _2udc
_cBK
999 _c35998
_d35998